Normal view MARC view

Entry Personal Name

Number of records used in: 1

001 - CONTROL NUMBER

  • control field: 49500

003 - CONTROL NUMBER IDENTIFIER

  • control field: OSt

005 - DATE AND TIME OF LATEST TRANSACTION

  • control field: 20220714152449.0

008 - FIXED-LENGTH DATA ELEMENTS

  • fixed length control field: 220714|| aca||aabn | a|a d

040 ## - CATALOGING SOURCE

  • Original cataloging agency: OSt
  • Transcribing agency: OSt

100 ## - HEADING--PERSONAL NAME

  • Personal name: Miller, Michael

670 ## - SOURCE DATA FOUND

  • Source citation: Work cat.: (OSt)191722: Miller, Michael., Cloud computing :, 2011 .